[Event "5th Pedro Montalvo"]
[Site "Las Palmas ESP"]
[Date "2012.04.04"]
[Round "3"]
[White "Saad Addin Quintana,S"]
[Black "Herrera Reyes,J"]
[Result "0-1"]
[WhiteElo "1879"]
[BlackElo "2220"]

1.e4 c5 2.Nf3 e6 3.d4 cxd4 4.Nxd4 Nc6 5.Nc3 Qc7 6.Be3 a6 7.Qd2 Nf6 8.O-O-O Bb4
9.f3 O-O 10.Kb1 b5 11.Nb3 Ne5 12.Bd4 Be7 13.Bxe5 Qxe5 14.f4 Qc7 15.e5 b4
16.Ne2 Nd5 17.Ned4 a5 18.Nb5 Qb8 19.c4 bxc3 20.bxc3 Ba6 21.a4 Rc8 22.Rc1 Qb6
23.Be2 Rab8 24.N3d4 Bc5 25.f5 Bf8 26.Rhf1 Qc5 27.Ka1 Bxb5 28.Nxb5 Ne3 29.Rf3 Nxf5
30.g4 Ne7 31.Nd6 Qa3+  0-1

[Event "43rd Mar del Plata Open"]
[Site "Mar del Plata ARG"]
[Date "2012.04.04"]
[Round "6"]
[White "Rodriguez Vila,A"]
[Black "Hobaica,J"]
[Result "1/2-1/2"]
[WhiteElo "2518"]
[BlackElo "2395"]

1.e4 c5 2.Nf3 Nc6 3.d4 cxd4 4.Nxd4 e6 5.Nc3 Qc7 6.Be3 a6 7.Qd2 Nf6 8.f3 Bb4
9.g4 h6 10.O-O-O Ne5 11.Kb1 Bxc3 12.Qxc3 Qxc3 13.bxc3 d5 14.exd5 Nxd5 15.Bd2 b5
16.a4 Bd7 17.axb5 axb5 18.Nxb5 Rb8 19.c4 Nxc4 20.Bxc4 Bxb5 21.Bb3 Be2 22.Rde1 Bc4
23.Ka2 Bxb3+ 24.cxb3 Kd7 25.Re4 h5 26.h4 Rbc8 27.Kb2 Rc7 28.Rc4 Rxc4 29.bxc4 Nb6
30.Kb3 hxg4 31.fxg4 f5 32.gxf5 exf5 33.Bc3 Rh7 34.Bd4 Kc6 35.h5 Nd7 36.Kb4 f4
37.Kc3 f3 38.Kd3 f2 39.Ke2 Nb6 40.c5 Nd7 41.Kxf2 Nxc5 42.Kg3 Ne6 43.Be3 Rh8
44.Kg4 Rf8 45.Rd1 Rf7 46.Bc1 Kc7 47.Rd5 Kc6 48.Rd3 Kc7 49.Bd2 Kc6 50.Bc1 Kc7
51.Rd1 Kc6 52.Ba3 Rf4+ 53.Kh3 Rd4 54.Rxd4 Nxd4 55.Kg4 Kd7 56.Kg5 Ke8 57.Kg6 Ne6
58.Bd6 Kd7 59.Be5 Ke8 60.Bd6 Kd7 61.Bb8 Ke7 62.Be5  1/2-1/2

[Event "IND-ISR Match 2012"]
[Site "New Delhi IND"]
[Date "2012.04.04"]
[Round "5.4"]
[White "Baron,Ta"]
[Black "Adhiban,Baskaran"]
[Result "1-0"]
[WhiteElo "2497"]
[BlackElo "2561"]

1.e4 c5 2.Nf3 e6 3.d4 cxd4 4.Nxd4 Nc6 5.Nc3 Qc7 6.Be3 a6 7.Qf3 Nf6 8.O-O-O Bb4
9.Nxc6 bxc6 10.Bd4 Be7 11.e5 Nd5 12.Ne4 c5 13.Nd6+ Bxd6 14.exd6 Qxd6 15.Bxg7 Rg8
16.Bh6 Rb8 17.Bc4 Qb6 18.b3 Bb7 19.Rhe1 Ne7 20.Qf4 Rd8 21.Rd6 Qa5 22.Re5 Qxa2
23.Rxc5 Qa3+  1-0

[Event "Semana Santa LAB Open"]
[Site "Bogota COL"]
[Date "2012.04.05"]
[Round "3"]
[White "Santos Morales,N"]
[Black "Rosero,H"]
[Result "1-0"]
[WhiteElo "2023"]
[BlackElo "1595"]

1.e4 c5 2.Nf3 Nc6 3.d4 cxd4 4.Nxd4 e6 5.Nc3 Nf6 6.Bg5 Be7 7.f4 d6 8.Qd2 Qb6
9.Ndb5 Qd8 10.Bxf6 gxf6 11.O-O-O a6 12.Nxd6+ Bxd6 13.Qxd6 Qxd6 14.Rxd6 Ke7
15.Rd2 Bd7 16.Be2 b5 17.Rhd1 Rad8 18.Bf3 Rhg8 19.Re1 Na5 20.Rd4 Nc6 21.Rd2 Na5
22.Rd4 Nc6 23.Rd3 Nb4 24.Rd2 Nc6 25.Nd5+ exd5 26.exd5+ Ne5 27.fxe5 fxe5 28.Rxe5+ Kd6
29.Rh5 Rg7 30.Rh6+ Rg6 31.Rxh7 Rf6 32.Rd4 Rc8 33.c3 Re8 34.Kd2 Bf5 35.Rhh4 Bc8
36.Rdf4 Rf5 37.Rxf5 Bxf5 38.Rh6+ Bg6 39.h4 Kd7 40.Bg4+ Kd8 41.h5 Be4 42.Rxa6 Bxg2
43.Ra8+ Ke7 44.d6+ Kf8 45.Rxe8+ Kxe8 46.d7+ Kd8 47.Bf5  1-0

[Event "O2C Doeberl Cup Premier 2012"]
[Site "Canberra AUS"]
[Date "2012.04.05"]
[Round "2.5"]
[White "Chan Yi Ren,D"]
[Black "Horvath,Ad1"]
[Result "0-1"]
[WhiteElo "2342"]
[BlackElo "2487"]

1.e4 c5 2.Nf3 e6 3.d4 cxd4 4.Nxd4 Nc6 5.Nc3 Qc7 6.Be2 Nf6 7.O-O Be7 8.Be3 O-O
9.f4 d6 10.Nxc6 bxc6 11.g4 d5 12.e5 Nd7 13.Qe1 c5 14.Bf3 Rb8 15.Nd1 Ba6 16.Be2 Bxe2
17.Qxe2 f6 18.exf6 Nxf6 19.c3 Bd6 20.Nf2 Rbe8 21.g5 Nd7 22.Nh3 Rf5 23.Rae1 Nf8
24.Bc1 c4 25.Qc2 Qf7 26.b3 Rc8 27.Be3 Qh5 28.Qg2 cxb3 29.Bd4 bxa2 30.Re3 Bxf4
31.Nxf4 Rxf4 32.Qxa2 Qxg5+ 33.Rg3 Rxf1+ 34.Kxf1 Qf5+ 35.Kg1 Ng6 36.Qxa7 e5
37.Bc5 Qb1+ 38.Kf2 Qc2+ 39.Kf1 Qc1+ 40.Kf2 Qd2+ 41.Kf1 Qf4+ 42.Kg1 Qc4 43.Bf2 d4
44.cxd4 Qc1+ 45.Kg2 Nf4+ 46.Kf3 Qd1+ 47.Ke4 Qc2+ 48.Kxe5 Re8+ 49.Kxf4 Qe4+
50.Kg5 h6+  0-1

[Event "16th Neckar Open"]
[Site "Deizisau GER"]
[Date "2012.04.05"]
[Round "1.20"]
[White "Immonen,V"]
[Black "Swinkels,R"]
[Result "0-1"]
[WhiteElo "2109"]
[BlackElo "2494"]

1.e4 c5 2.Nf3 e6 3.d4 cxd4 4.Nxd4 Nc6 5.Nc3 Qc7 6.Be3 a6 7.Qd2 Nf6 8.O-O-O Bb4
9.f3 O-O 10.g4 Ne5 11.Kb1 Rd8 12.g5 Ne8 13.h4 d5 14.exd5 exd5 15.Bf4 Nc4
16.Qh2 Qb6 17.Nb3 Be6 18.h5 Rac8 19.Ne2 d4 20.Rxd4 Bf5 21.Rxd8 Rxd8 22.Ned4 Rxd4
23.Nxd4 Qxd4 24.Bxc4 Qxc4 25.Rd1 Ba5 26.h6 Qc6 27.Qe2 Qe6 28.Qxe6 Bxe6 29.hxg7 Kxg7
30.Bd2 Bc7 31.Be3 Kg8 32.Rd3 Ng7 33.Rc3 Be5 34.Rc5 Bd6 35.Rc3 Nf5 36.Rd3 Bc7
37.Bc1 Kg7 38.b3 Kg6 39.f4 Ne7 40.Rd1 Nd5 41.Rf1 Bf5 42.Bd2 Be4 43.Rf2 Kf5
44.Rh2 Kg4 45.Rh6 Nxf4 46.Rf6 Bg6 47.Bxf4 Bxf4 48.Rb6 Kxg5 49.Rxb7 h5  0-1

[Event "16th Neckar Open"]
[Site "Deizisau GER"]
[Date "2012.04.05"]
[Round "1.16"]
[White "Hartl,A"]
[Black "Milov,L"]
[Result "1/2-1/2"]
[WhiteElo "2115"]
[BlackElo "2516"]

1.e4 c5 2.Nf3 e6 3.d4 cxd4 4.Nxd4 Nc6 5.Nc3 Qc7 6.g3 a6 7.Bg2 d6 8.Nxc6 bxc6
9.O-O Nf6 10.Re1 Nd7 11.Bg5 h6 12.Be3 Be7 13.h3 Rb8 14.b3 O-O 15.Qd2 Re8
16.Rad1 Bf8 17.Na4 Bb7 18.c4 c5 19.f4 Rbd8 20.Qf2 Bc6 21.Nc3 Qb7 22.Qc2 Nf6
23.Bc1 Be7 24.Kh2 Nh7 25.Bb2 Bf6 26.Nb1 Be7 27.Rd2 h5 28.Qd1 h4 29.gxh4 Bxh4
30.Qg4 Bf6 31.Rg1 g6 32.f5 Bxb2 33.Rxb2 Kh8 34.fxg6 Rg8 35.Qh4 fxg6 36.Rf2 Qg7
37.Rgf1 Qe5+ 38.Kh1 Qg5 39.Qxg5 Nxg5 40.Nc3 e5 41.Rf6 Kg7 42.Kh2 Rgf8 43.Rxf8 Rxf8
44.Rxf8 Kxf8 45.h4 Ne6 46.Bh3 Nf4 47.Bc8 a5 48.Kg3 Kf7 49.Kg4 Nh5 50.Ba6 Nf6+
51.Kf3 Kg7 52.Bc8 Kh6 53.Bg4 Bb7 54.Nd5 Bxd5 55.cxd5 Kg7 56.Bc8 Kf8 57.Ba6 Ke7
58.Bb5 Nh5 59.Kg4 Kf6 60.Kf3 Nf4 61.Bf1 Nh5 62.Bb5 Ng7 63.Kg4 Nh5 64.Kf3 Ke7
65.Kg4 Nf6+ 66.Kf3 Kf8 67.Bc6 Ke7 68.Bb5 Kd8 69.a4 Ke7 70.Bc6 Kd8 71.Bb5 Kc7
72.Bc4 Kc8 73.Bd3 Kd8 74.Bc4 Ke7 75.Bd3 Kf7 76.Bc4 Kg7 77.Bd3 Kh6 78.Kg3 Nh5+
79.Kg4 Nf6+ 80.Kg3 Nd7 81.Bc4 Nb6 82.Be2 Nc8 83.Kg4 Ne7 84.Bd3 Ng8 85.Be2 Nf6+
86.Kf3 g5 87.hxg5+ Kxg5  1/2-1/2

[Event "O2C Doeberl Cup Premier 2012"]
[Site "Canberra AUS"]
[Date "2012.04.06"]
[Round "3.3"]
[White "Horvath,Ad1"]
[Black "Ikeda,J"]
[Result "1-0"]
[WhiteElo "2487"]
[BlackElo "2373"]

1.e4 c5 2.Nf3 Nc6 3.Nc3 e6 4.d4 cxd4 5.Nxd4 a6 6.Be2 Qc7 7.O-O Nf6 8.Kh1 d6
9.f4 Be7 10.Be3 Bd7 11.Nb3 b5 12.a3 O-O 13.Bf3 Rfd8 14.Qd2 Rab8 15.Qf2 Bc8
16.Rae1 Bf8 17.Qh4 Nd7 18.f5 Nde5 19.Bh5 Be7 20.Qg3 Kh8 21.Re2 a5 22.fxe6 fxe6
23.Ref2 b4 24.axb4 axb4 25.Ne2 Bd7 26.Nf4 Rf8 27.Qh3 Rf6 28.g4 Kg8 29.g5 Rff8
30.g6 Rxf4 31.gxh7+ Kh8 32.Bxf4 Bf6 33.Qg3 Qd8 34.Rg2 Kxh7 35.Bg6+ Kg8 36.Rfg1 Rb7
37.Bh5 Be8 38.Qh3 Bxh5 39.Qxh5 Qd7 40.Bh6 Qf7 41.Rxg7+ Bxg7 42.Rxg7+ Qxg7
43.Qe8+ Kh7 44.Bxg7 Rxg7 45.Qxe6 Rg6 46.Qf5 Kg7 47.c3 Ne7 48.Qh5 bxc3 49.bxc3 Rg4
50.Nd4 Rxe4 51.Qe8 N7g6 52.Qd8 Re1+ 53.Kg2 Nf4+ 54.Kg3 Nh5+ 55.Kh4 Nf6 56.Qe7+ Kg6
57.Qxd6 Re3 58.Qc7 Nd3 59.Qc8 Ne1 60.Qf5+ Kg7 61.Qf2 Re4+ 62.Kh3 Kf7 63.Nf5 Nd3
64.Qa7+ Kg6 65.Nh4+ Kh6 66.Qf7 Nf4+ 67.Kg3 N4h5+ 68.Kh3 Nf4+ 69.Kg3 N4h5+
70.Kf3 Rxh4 71.c4 Rh3+ 72.Kg2 Nf4+ 73.Kg1 Kg5 74.c5 Rc3 75.Qe7 Rc1+ 76.Kf2 Rc2+
77.Kg1 Kf5 78.Qf8 Ne6 79.Qf7 Rxc5 80.h4 Nf4 81.Kf2 Rc3 82.Ke1 Rh3 83.Qf8 Rxh4
84.Qc5+ Kg6 85.Qc2+ Kg5 86.Qc5+ N6d5 87.Qg1+ Kf5 88.Kd2 Rh3 89.Qb1+ Ke6 90.Qe4+ Kd6
91.Qd4 Rh2+ 92.Kd1 Ne2 93.Qd3 Nc3+ 94.Kc1 Rh1+ 95.Kc2 Kc5 96.Qg3 Ne4 97.Qe5 Re1
98.Qh5 Kc4 99.Qf7 Re2+ 100.Kc1 Nf2 101.Qg8 Nd3+ 102.Kd1 Re4 103.Kd2 Nc5 104.Qf7 Nb3+
105.Kd1 Nd4 106.Qg8 Nf3 107.Kc2 Re2+ 108.Kd1 Rd2+ 109.Kc1 Rf2 110.Kd1 Rd2+
111.Kc1 Rd3 112.Kc2 Nd4+ 113.Kb2 Rd2+ 114.Kc1 Re2 115.Kd1 Ra2  1-0

[Event "VIII Lubuska Wiosna Open"]
[Site "Gorzow Wielkopolski POL"]
[Date "2012.04.06"]
[Round "6"]
[White "Smieszek,W"]
[Black "Aliavdin,N"]
[Result "1/2-1/2"]
[WhiteElo "1830"]
[BlackElo "2411"]

1.e4 c5 2.Nf3 Nc6 3.d4 cxd4 4.Nxd4 e6 5.Nc3 d6 6.g4 a6 7.Be3 Be7 8.Qd2 Nf6
9.Be2 Nxd4 10.Bxd4 e5 11.Be3 Bxg4 12.O-O-O Be6 13.Rhg1 Qa5 14.a3 g6 15.Bg5 Rc8
16.Bxf6 Bxf6 17.Bg4 Rc6 18.Rg3 Bd8 19.Bxe6 fxe6 20.Qh6 Bf6 21.Qh3 Kf7 22.Nd5 Qd8
23.Nxf6 Kxf6 24.Qh6 Qg8 25.Rb3 b6 26.Rbd3 Ke7 27.Qg5+ Kd7 28.Qxe5 Qf8 29.Qg3 Qe7
30.Rc3 Rhc8 31.Rxc6 Rxc6 32.f4 Kc7 33.Qd3 Kb7 34.Kb1 Qh4 35.Qg3 Qh5 36.Rd2 b5
37.a4 bxa4 38.Qa3 Qb5 39.Rd4 Qf1+ 40.Ka2 Qxf4 41.Qxa4 Qe5 42.Rb4+ Kc7 43.Qb3 Qa5+
44.Ra4 Qe5 45.Rb4 Rb6 46.Rxb6 Qa5+ 47.Kb1 Qxb6 48.Qxe6 Qg1+ 49.Ka2 Qxh2 50.Qe7+ Kc6
51.Qe8+ Kc5 52.c3 Kc4 53.Qa4+ Kd3 54.Qd4+ Ke2 55.Qc4+ Ke3 56.Qd4+ Kf3 57.Qd3+ Kg4
58.Qxa6 h5 59.Qc4 Qe5 60.Qe2+ Kf4 61.Qf2+ Kxe4 62.Qc2+ Kf4 63.Qxg6 h4 64.Qg2 Qe6+
65.Ka3 h3 66.Qh2+ Kg4 67.Qg1+ Kh4 68.Qf2+ Kh5 69.Qg3 d5 70.b4 Qg4 71.Qe5+ Qg5
72.Qe2+ Kh4 73.Qf2+ Kg4 74.Qg1+ Kf5 75.Qf1+ Kg4 76.Qg1+ Kh5 77.Qf2 Qg2 78.Qf5+ Kh4
79.Qf4+ Qg4 80.Qf2+ Qg3 81.Qd4+ Qg4 82.Qf2+ Kg5 83.Qe3+ Kf5 84.Qd3+ Ke5 85.Qe3+ Kf6
86.Qb6+ Qe6 87.Qf2+ Ke7 88.Qa7+ Qd7 89.Qe3+ Kd8 90.Qg3 Kc8 91.Qg8+ Kb7 92.Qg3 Qe6
93.Qg7+ Ka6 94.Qg3 Kb7 95.Qg7+ Kc6 96.Qg3 Qh6 97.Qh2 Qh4 98.Qe2 Kd6 99.Qa6+ Ke5
100.Qe2+ Kf4 101.Qd2+ Kg4 102.Qd1+  1/2-1/2

[Event "5th Pedro Montalvo"]
[Site "Las Palmas ESP"]
[Date "2012.04.06"]
[Round "7"]
[White "Robin,S"]
[Black "Herrera Reyes,J"]
[Result "0-1"]
[WhiteElo "2298"]
[BlackElo "2220"]

1.e4 c5 2.Nf3 e6 3.d4 cxd4 4.Nxd4 Nc6 5.Nc3 Qc7 6.Be3 a6 7.Be2 b5 8.f4 Bb7
9.Nb3 d6 10.Bf3 Nf6 11.O-O Be7 12.Qe1 O-O 13.a4 b4 14.Na2 a5 15.c4 e5 16.f5 Nd7
17.Qf2 Ba6 18.Be2 Rac8 19.Rac1 Nc5 20.Nxc5 dxc5 21.f6 Bxf6 22.Bxc5 Be7 23.Bb6 Qb7
24.Bg4 Rb8 25.Be3 Rbd8 26.Qg3 Qc7 27.Rfd1 Rxd1+ 28.Rxd1 Bxc4 29.Rd7 Qb8 30.Nc1 Rd8
31.h3 Bf6 32.Kh2 Rxd7 33.Bxd7 Qd6 34.Bg4 Nd4 35.Qf2 Qc6 36.Bxd4 exd4 37.b3 Be5+
38.Kh1 Be6 39.Nd3 Qxe4 40.Bxe6 fxe6 41.Qc2 h6 42.Qc8+ Kh7 43.Qxe6 Qxd3 44.Qxe5 Qxb3
45.Qe4+ Kh8 46.Qxd4 Qc2  0-1

[Event "16th Neckar Open"]
[Site "Deizisau GER"]
[Date "2012.04.07"]
[Round "4.17"]
[White "Bellahcene,B"]
[Black "Perunovic,Mil"]
[Result "0-1"]
[WhiteElo "2321"]
[BlackElo "2582"]

1.e4 c5 2.Nf3 e6 3.d4 cxd4 4.Nxd4 Nc6 5.Nc3 Qc7 6.Be3 a6 7.Be2 b5 8.a3 Bb7
9.Nxc6 Bxc6 10.Qd4 Nf6 11.f4 Rc8 12.Bf3 h5 13.O-O Ng4 14.Bxg4 hxg4 15.Rae1 Bb7
16.Qd1 Bxa3 17.bxa3 Qxc3 18.Bd4 Qc4 19.c3 Rh4 20.g3 Rh7 21.Qxg4 Kf8 22.f5 Kg8
23.Rf2 Re8 24.fxe6 dxe6 25.Ref1 Rf8 26.Qg5 f5 27.Rf4 Qc7 28.Rh4 Rxh4 29.gxh4 e5
30.Bf2 Bxe4 31.h5 Rf6 32.Rd1 Qxc3 33.Qe3 Qxe3 34.Bxe3 f4 35.Bc5 Rf5 36.Rd6 Kh7
37.Rb6 Rg5+  0-1

[Event "VIII Lubuska Wiosna Open"]
[Site "Gorzow Wielkopolski POL"]
[Date "2012.04.07"]
[Round "7"]
[White "Swiderski,Ra"]
[Black "Sokolowski,Ro"]
[Result "1-0"]
[WhiteElo "1850"]
[BlackElo "1857"]

1.e4 c5 2.Nf3 Nc6 3.d4 cxd4 4.Nxd4 e6 5.Nc3 Qc7 6.Be2 Nf6 7.O-O a6 8.Be3 Bb4
9.Nxc6 bxc6 10.Qd4 Bd6 11.f4 e5 12.Qd2 exf4 13.Bxf4 Bxf4 14.Rxf4 O-O 15.Raf1 Qe5
16.Rf5 Qe7 17.e5 Qc5+ 18.Kh1 Nd5 19.Nxd5 Qxd5 20.Bd3 g6 21.Qh6 f6 22.Rh5 Qf7
23.Rxf6 Qg7 24.Bc4+ d5 25.exd6 Be6 26.Rxe6  1-0

[Event "39th La Roda Open"]
[Site "La Roda ESP"]
[Date "2012.04.07"]
[Round "6"]
[White "Llavador Moron,J"]
[Black "Cruz,Cr"]
[Result "1/2-1/2"]
[WhiteElo "2171"]
[BlackElo "2508"]

1.e4 c5 2.Nf3 e6 3.d4 cxd4 4.Nxd4 Nc6 5.Nc3 Qc7 6.Be2 a6 7.O-O Nf6 8.Be3 d6
9.f4 Bd7 10.Qe1 Be7 11.Qg3 O-O 12.Rae1 Rac8 13.Bd3 d5 14.e5 Nxd4 15.Bxd4 Bc5
16.Bxc5 Qxc5+ 17.Kh1 Ne8 18.Qh4 f5 19.exf6 Nxf6 20.Re5 Qb6 21.f5 h6 22.fxe6 Bxe6
23.Rfe1 Bf7 24.Nd1 Qd6 25.Qd4 Rce8 26.Rxe8 Bxe8 27.Ne3 Bd7 28.Rd1 Qc6 29.h3 Be6
30.c3 b5 31.Bf5 Bxf5 32.Nxf5 Qe6 33.Ne3 Kh8 34.Rf1 Re8 35.Nf5 Qe2 36.Rf2 Qe1+
37.Kh2 Qe5+ 38.Qxe5 Rxe5 39.Nxh6 Kh7 40.Nf7  1/2-1/2

[Event "43rd Mar del Plata Open"]
[Site "Mar del Plata ARG"]
[Date "2012.04.07"]
[Round "9.7"]
[White "Van Riemsdijk,H"]
[Black "Mussanti,D"]
[Result "1-0"]
[WhiteElo "2391"]
[BlackElo "2319"]

1.e4 c5 2.Nf3 e6 3.d4 cxd4 4.Nxd4 Nc6 5.Nc3 d6 6.Be3 Nf6 7.Bc4 a6 8.Bb3 Qc7
9.f4 Be7 10.O-O Na5 11.Qf3 O-O 12.f5 Nxb3 13.cxb3 b5 14.Rac1 Qd7 15.e5 dxe5
16.fxe6 fxe6 17.Nxe6 Bb7 18.Nxf8 Rxf8 19.Qh3 Qd3 20.Rcd1 Qg6 21.Qe6+ Kh8
22.Rd2 Re8 23.a3 b4 24.axb4 Bxb4 25.Qb6 Bxc3 26.bxc3 Qe4 27.Bg5 Ng8 28.Qe3 Qg4
29.h3 Qh5 30.Rd6 Rc8 31.c4 h6 32.Bd8 e4 33.Bb6 Bc6 34.Bd4 Kh7 35.Qg3  1-0

[Event "Karposh Open 2012"]
[Site "Skopje MKD"]
[Date "2012.04.07"]
[Round "1.36"]
[White "Temkov,B"]
[Black "Vojinovic,G"]
[Result "0-1"]
[WhiteElo "1952"]
[BlackElo "2429"]

1.e4 c5 2.Nf3 Nc6 3.Nc3 e6 4.d4 cxd4 5.Nxd4 Qc7 6.Ndb5 Qb8 7.g3 a6 8.Nd4 Nf6
9.Bg2 Bc5 10.Nb3 Ba7 11.O-O h6 12.Kh1 d6 13.a4 Ne7 14.Bf4 e5 15.Bc1 Qc7 16.Qd3 Be6
17.Nd5 Nfxd5 18.exd5 Bf5 19.Be4 Bxe4+ 20.Qxe4 f5 21.Qd3 Rc8 22.c3 O-O 23.Be3 Bxe3
24.fxe3 Qb6 25.Ra3 Rf6 26.c4 Rcf8 27.Qc3 Qc7 28.Nd2 Rc8 29.a5 Qd7 30.Qb4 Ng6
31.Rb3 Rc7 32.Qb6 e4 33.Qd4 Ne5 34.Rb6 Qf7 35.b4 Nd7 36.c5 dxc5 37.bxc5 Rxc5
38.Rxf6 Qxf6 39.Qxf6 Nxf6 40.Rxf5 Rc1+ 41.Kg2 Rc2 42.Rf2 Ng4 43.Nxe4 Nxf2
44.Nxf2 Ra2 45.Kf3 Rxa5 46.e4 Rb5 47.Ke3 a5 48.Kd4 a4 49.Nd1 a3 50.Nc3 Rb2
51.e5 a2 52.Nxa2 Rxa2 53.e6 Kf8  0-1

[Event "Karposh Open 2012"]
[Site "Skopje MKD"]
[Date "2012.04.07"]
[Round "1.31"]
[White "Pancevski,F"]
[Black "Semsiu,Agim"]
[Result "1-0"]
[WhiteElo "2470"]
[BlackElo "1988"]

1.e4 c5 2.Nc3 e6 3.Nf3 Nc6 4.d4 cxd4 5.Nxd4 a6 6.Nxc6 bxc6 7.Bd3 d5 8.O-O d4
9.Na4 Bd7 10.b3 c5 11.Nb2 Nf6 12.Qe2 Qb8 13.Bg5 Bd6 14.g3 a5 15.Nc4 Bc7 16.Bxf6 gxf6
17.Qh5 Bd6 18.Rae1 Be7 19.e5 f5 20.Bxf5 Ra7 21.Be4 Bb5 22.a4 Bxc4 23.bxc4 Qc7
24.f4 Rg8 25.Rb1 Qd7 26.Rb6 Rc7 27.Rfb1 d3 28.cxd3 Qxa4 29.Rxe6  1-0

[Event "16th Neckar Open"]
[Site "Deizisau GER"]
[Date "2012.04.08"]
[Round "6.6"]
[White "Kurmann,O"]
[Black "Perunovic,Mil"]
[Result "0-1"]
[WhiteElo "2458"]
[BlackElo "2582"]

1.e4 c5 2.Nf3 Nc6 3.Nc3 e6 4.d4 cxd4 5.Nxd4 Qc7 6.Be3 a6 7.Qd2 Nf6 8.O-O-O Bb4
9.f3 Ne5 10.Nb3 b5 11.Qe1 Be7 12.f4 Ng6 13.e5 Ng4 14.Ne4 Nxe3 15.Qxe3 O-O
16.h4 Bb7 17.Nd6 f6 18.Nxb7 Rac8 19.N3c5 fxe5 20.Rxd7 Bxc5 21.Nxc5 Qxc5 22.Qxc5 Rxc5
23.fxe5 Nxe5 24.Rd2 a5 25.b3 Rf4 26.Kb2 Kf7 27.a3 b4 28.axb4 axb4 29.h5 h6
30.Ba6 Ke7 31.Rh3 Rd5 32.Re2 Ra5 33.Rhe3 Kf6 34.Bb7 Rf1 35.Re1 Rxe1 36.Rxe1 Nf7
37.Rf1+ Ke7 38.Rf4 Rb5 39.Bc6 Rb6 40.Bf3 e5 41.Rc4 Nd6 42.Rg4 Kf6 43.Rg6+ Kf5
44.Rxg7 Nb5 45.Rb7 Rxb7 46.Bxb7 e4 47.Kc1 e3 48.Kd1 Nd4 49.Ba6 Kg4 50.Bd3 Kg3
51.c3 bxc3 52.b4 Kf2 53.b5 c2+ 54.Kc1 e2 55.Bxe2 Kxe2 56.b6 Kd3  0-1

[Event "39th La Roda Open"]
[Site "La Roda ESP"]
[Date "2012.04.08"]
[Round "9"]
[White "Martinez Lopez,D"]
[Black "Santos,AntonioP"]
[Result "1-0"]
[WhiteElo "2159"]
[BlackElo "2327"]

1.e4 c5 2.Nf3 e6 3.d4 cxd4 4.Nxd4 Nc6 5.Nc3 Qc7 6.Be3 a6 7.a3 b5 8.Bd3 Bb7
9.Nxc6 Bxc6 10.O-O Nf6 11.f4 d6 12.Qe2 Be7 13.Bd4 O-O 14.Rae1 g6 15.Qd2 Rad8
16.Qf2 Rd7 17.Qg3 e5 18.fxe5 Nh5 19.Qh3 dxe5 20.Be3 Nf4 21.Bxf4 exf4 22.Qh6 Bc5+
23.Kh1 Be3 24.Ne2 Qe5 25.Nxf4 Bxf4 26.Rxf4 Qxb2 27.e5 Qc3 28.Qh4 Re8 29.Rf5 Re6
30.Qg3 Rde7 31.Rh5 Qd2 32.Rg1 Kh8 33.Rg5 h6 34.Rg4 Rxe5 35.Rf4 Re3 36.Qh4 Re1
37.Qf6+ Kh7 38.Rf2 Rxg1+ 39.Kxg1 Qe1+ 40.Rf1 Qe3+ 41.Rf2 Bb7 42.h3 Qg5 43.Qb6 Kg7
44.Bf1 Qe5 45.c4 bxc4 46.Bxc4 Qa1+ 47.Rf1 Qe5 48.Rf2 Be4 49.Qxa6 Qd4 50.Bf1 h5
51.Qc4 Qa7 52.a4 f5 53.Qc3+ Kh7 54.a5 Rc7 55.Qb4 Rc2 56.Qb6 Qxb6 57.axb6 Rc1
58.Rb2 Bb7 59.Kf2 Kg7 60.Be2 Rc8 61.Bf3 Rb8 62.Bxb7 Rxb7 63.Ke3 Kf6 64.Kd4 g5
65.Kc5 Ke5 66.Rb4 f4 67.Kc6 Rb8 68.Rb5+ Kf6 69.Kc7 Re8 70.b7 Re7+ 71.Kd8 Rxb7
72.Rxb7 g4 73.hxg4 hxg4 74.Rb5  1-0

[Event "5th Pedro Montalvo"]
[Site "Las Palmas ESP"]
[Date "2012.04.08"]
[Round "9"]
[White "Molina Rodriguez,B"]
[Black "Herrera Reyes,J"]
[Result "1-0"]
[WhiteElo "2141"]
[BlackElo "2220"]

1.e4 c5 2.Nf3 e6 3.d4 cxd4 4.Nxd4 Nc6 5.Nc3 Qc7 6.Be3 a6 7.Qd2 Nf6 8.O-O-O Bb4
9.f3 b5 10.g4 O-O 11.g5 Ne8 12.Nxc6 Qxc6 13.Rg1 Ba5 14.Qd3 d6 15.h4 Rb8 16.h5 b4
17.Ne2 e5 18.f4 Bb7 19.Ng3 Nc7 20.g6 Ne6 21.gxh7+ Kh8 22.h6 g6 23.f5 Nc5
24.Qxd6 Qxd6 25.Rxd6 Nxe4 26.Nxe4 Bxe4 27.fxg6 Bxg6 28.Rxa6 Rbc8 29.Rxa5 Rxc2+
30.Kd1 Rd8+ 31.Ke1 Bh5 32.Rg8+ Rxg8 33.hxg8=Q+ Kxg8 34.Ra8+  1-0

[Event "5th Pedro Montalvo"]
[Site "Las Palmas ESP"]
[Date "2012.04.08"]
[Round "9"]
[White "Nortes Hernandez,P"]
[Black "Garcia Blanco,O"]
[Result "0-1"]
[WhiteElo "2048"]
[BlackElo "2205"]

1.e4 c5 2.Nf3 e6 3.d4 cxd4 4.Nxd4 Nc6 5.Nc3 Qc7 6.Be3 a6 7.Bd3 Nf6 8.O-O Be7
9.Kh1 Nxd4 10.Bxd4 e5 11.Be3 d6 12.f4 exf4 13.Rxf4 Be6 14.Bd4 O-O 15.Qe2 Nd7
16.Raf1 Ne5 17.Nd5 Bxd5 18.exd5 g6 19.Re1 Bg5 20.Bxe5 dxe5 21.Rc4 Qd7 22.Qxe5 Rae8
23.Qg3 Rxe1+ 24.Qxe1 Qxd5 25.Qe4 Qa5 26.h4 Bf6 27.Rb4 b5 28.a4 Qd8 29.Qg4 Re8
30.Qg3 a5 31.Rg4 h5 32.Re4 Rxe4 33.Bxe4 Bxh4 34.Qd3 Qg5 35.axb5 Qc1+ 36.Kh2 Bf2
37.g3 g5 38.Bh7+ Kg7 39.Be4 Qg1+ 40.Kh3 Bd4 41.Qe2 Kh6 42.g4 Be5 43.Qg2 Qe1  0-1

[Event "6th Philadelphia Open"]
[Site "Philadelphia USA"]
[Date "2012.04.08"]
[Round "8.16"]
[White "Aaron,D"]
[Black "Homa,S"]
[Result "0-1"]
[WhiteElo "2234"]
[BlackElo "2306"]

1.e4 c5 2.Nf3 e6 3.d4 cxd4 4.Nxd4 Nc6 5.Nc3 Qc7 6.Nb3 a6 7.Bd3 b5 8.O-O Bb7
9.Qe2 Nf6 10.f4 d6 11.Bd2 Be7 12.Rae1 O-O 13.e5 dxe5 14.fxe5 Nd7 15.Bf4 Nb4
16.Be4 Bxe4 17.Qxe4 Rad8 18.a3 Nc6 19.Kh1 Nb6 20.Nd1 Nc4 21.Nf2 Rd5 22.Ng4 Rfd8
23.Qf3 Bf8 24.Bg5 R8d7 25.Qg3 f5 26.Ne3 Nxe3 27.Qxe3 Nd4 28.Nxd4 Rxd4 29.Qb3 Qc4
30.Qxc4 Rxc4 31.c3 Rc5 32.g3 h6 33.Bc1 Be7 34.h4 Bd8 35.Kg2 Rd3 36.Rd1 Rcd5
37.Rxd3 Rxd3 38.Rf2 Kf7 39.Rc2 Bc7 40.Bf4 a5 41.c4 b4 42.axb4 axb4 43.c5 Ke8
44.c6 Kd8 45.Kh3 Kc8 46.h5 Bb6 47.Rc4 b3 48.Ra4 Kc7 49.Ra8 Rd8 50.Ra3 Rd3
51.Ra8 Kxc6 52.Re8 Kd5 53.Re7 Bd4 54.Rd7+ Ke4 55.Rxg7 Bxb2 56.Rb7 Bxe5 57.Rb4+ Rd4
58.Rxb3 Bxf4 59.gxf4 Rd3+ 60.Kh4 Re3 61.Rb5 Kf3 62.Rb1 Kxf4 63.Rf1+ Rf3 64.Re1 Rf2
65.Kh3 e5 66.Rg1 e4 67.Rg6 e3 68.Rxh6 e2 69.Re6 Rf3+  0-1

[Event "Karposh Open 2012"]
[Site "Skopje MKD"]
[Date "2012.04.08"]
[Round "3.30"]
[White "Stojcevski,Z"]
[Black "Andrejic,V"]
[Result "0-1"]
[WhiteElo "2346"]
[BlackElo "2164"]

1.e4 c5 2.Nf3 e6 3.d4 cxd4 4.Nxd4 Nc6 5.Nc3 Qc7 6.Nxc6 bxc6 7.Bd3 Nf6 8.O-O d5
9.Qe2 Be7 10.Kh1 O-O 11.f4 Nxe4 12.Nxe4 dxe4 13.Qxe4 g6 14.Be3 c5 15.Qc4 a5
16.Qc3 Rd8 17.Rad1 Bf8 18.b3 Bb7 19.Be2 Bd5 20.Qe1 c4 21.bxc4 Bxc4 22.Qc3 Rdc8
23.Qxc4 Qxc4 24.Bxc4 Rxc4 25.Rf2 Rac8 26.g3 Bc5 27.Bxc5 R8xc5 28.Rc1 Rc3
29.Kg2 R5c4 30.Rd2 h5 31.Kf1 Ra4 32.Ke2 Rxa2 33.Rd8+ Kg7 34.Kd2 Raa3 35.Rd7 h4
36.Rb1 Rc5 37.Rbb7 Rf5 38.c3 Ra2+ 39.Ke3 e5 40.fxe5 Rxe5+ 41.Kd3 Rf5 42.gxh4 Rxh2
43.Rd4 Rf3+ 44.Kc4 a4 45.Ra7 Rhh3 46.Rxa4 Rxc3+ 47.Kd5 Rcd3 48.Rxd3 Rxd3+
49.Ke5 Rh3 50.Rf4 Re3+ 51.Kd5 Re7 52.Kd6 Re1 53.Kd5 Re7 54.Kd6 Ra7 55.Ke5 Ra5+
56.Kd6 f5 57.Ke6 Kh6 58.Kf6 Kh5 59.Rc4 Ra6+ 60.Ke5 Ra1 61.Kf6 Rg1 62.Rc8 Kxh4
63.Rh8+ Kg3 64.Kxg6 f4 65.Kf5 f3 66.Rg8+ Kf2  0-1

[Event "16th Neckar Open"]
[Site "Deizisau GER"]
[Date "2012.04.09"]
[Round "8.3"]
[White "Petr,Ma"]
[Black "Solodovnichenko,Y"]
[Result "1/2-1/2"]
[WhiteElo "2522"]
[BlackElo "2615"]

1.e4 c5 2.Nf3 e6 3.d4 cxd4 4.Nxd4 Nc6 5.Nc3 d6 6.Be3 Nf6 7.f4 e5 8.Nf3 exf4
9.Bxf4 Qb6 10.Qd2 Qxb2 11.Rb1 Qa3 12.Bc4 Be7 13.Nb5 Qc5 14.Nc7+ Kd7 15.Nxa8 Qxc4
16.e5 Nd5 17.Bg3 b6 18.exd6 Bf6 19.Qd3 Re8+ 20.Kd2 Bc3+ 21.Kc1 Qxa2 22.Nc7 Qa3+
23.Kd1 Ne3+ 24.Ke2 Nxc2+ 25.Kf1 Qa2 26.Re1 Bxe1 27.Nxe1 Nxe1 28.Bxe1 Re5
29.Bc3 Nb4 30.Bxb4 Qa1+ 31.Kf2 Qxh1 32.Qf3 Kd8 33.Bd2 Rf5 34.Bf4 Qa1 35.Qe4 Rxf4+
36.Qxf4 Qf6 37.Qxf6+ gxf6 38.Nd5 Kd7 39.Nxf6+ Ke6 40.Nxh7 f6 41.g4 a5 42.Ke3 b5
43.g5 fxg5 44.Nxg5+ Kxd6 45.Kd4 Kc6 46.h4 b4 47.Ne4 Bg4 48.Nc3 Bh5 49.Na4 Bf7
50.Kd3 Kd5 51.Nc3+ Ke5 52.Na4 Kf4 53.Kd4 Kf3 54.Nc3 Kf2 55.Kd3 Ke1 56.Kc2 Bg6+
57.Kb2 Kd2 58.Nd5 Bf7 59.Nxb4 axb4 60.h5 Kd3 61.h6 Bg8 62.h7 Bxh7 63.Kb3  1/2-1/2

[Event "16th Neckar Open"]
[Site "Deizisau GER"]
[Date "2012.04.09"]
[Round "9.10"]
[White "Lindberg,Be"]
[Black "Perunovic,Mil"]
[Result "1-0"]
[WhiteElo "2418"]
[BlackElo "2582"]

1.e4 c5 2.Nf3 e6 3.d4 cxd4 4.Nxd4 Nc6 5.Nc3 Qc7 6.Be3 a6 7.Bd3 Nf6 8.O-O b5
9.Nxc6 Qxc6 10.f3 Bc5 11.Qe1 Bb7 12.Kh1 Bxe3 13.Qxe3 d6 14.a4 b4 15.Na2 Qc5
16.Qd2 d5 17.e5 Nd7 18.f4 a5 19.c3 bxc3 20.Nxc3 Qb4 21.f5 exf5 22.Bxf5 Nxe5
23.Rae1 f6 24.Be6 Rd8 25.Qc2 Qc5 26.Rxe5 fxe5 27.Qf5 Rd6 28.Qxe5 Kd8 29.Nb5 Rxe6
30.Qxe6 Re8 31.Qg4 Qe7 32.Qf4 Qe5 33.Qd2 d4 34.Qxa5+ Kd7 35.Qd2 Ba6 36.Rd1 Bxb5
37.axb5 Kc8 38.h3 Rd8 39.Qa5 Qd5 40.Rc1+ Kd7 41.Rc7+ Ke6 42.Qe1+ Kf5 43.Qf2+ Ke5
44.Qg3+ Ke6 45.Qg4+ Kd6 46.Qxg7  1-0

[Event "FSIM April 2012"]
[Site "Budapest HUN"]
[Date "2012.04.11"]
[Round "5"]
[White "Kislik,E"]
[Black "Farago,S"]
[Result "1-0"]
[WhiteElo "2403"]
[BlackElo "2296"]

1.e4 c5 2.Nf3 e6 3.d4 cxd4 4.Nxd4 Nc6 5.Nc3 a6 6.Nxc6 bxc6 7.Bd3 d5 8.O-O Nf6
9.Re1 Bb7 10.e5 Nd7 11.Na4 Qc7 12.Qe2 Nc5 13.Nxc5 Bxc5 14.Qg4 Qb6 15.Re2 Kf8
16.c3 a5 17.Bg5 Ba6 18.Rd1 h6 19.Bh4 Ra7 20.Qf3 Be7 21.Bxe7+ Rxe7 22.g4 Kg8
23.h4 Bxd3 24.Rxd3 Rb7 25.h5 Kf8 26.Qf4 Ke8 27.Rg3 Qd8 28.b3 Rd7 29.Qd4 Qb8
30.g5 Qa7 31.Qf4 hxg5 32.Qxg5 Rh7 33.h6 g6 34.Qf6 Rxh6 35.Qg7 Rh4 36.Qg8+ Ke7
37.Rf3 f5 38.exf6+ Kd6 39.Qxe6+ Kc5 40.f7 Qc7 41.f8=Q+ Kb6 42.Qe5  1-0